Coolhunting y tendencias, a la cacería de ideas geniales para innovación (Registro nro. 7253)
[ vista simple ]
| 000 -Cabecera | |
|---|---|
| Campo de control de longitud fija | 00821nam a22003377a 4500 |
| 005 - Fecha y hora de la última transacción | |
| Campo de control | 20240307162704.0 |
| 008 - Elementos de longitud fija--Información general | |
| Campo de control de longitud fija | 151006b xxu||||| |||| 00| 0 spa d |
| 020 ## - International Standard Book Number | |
| Número Internacional Estándar del Libro (ISBN) | 9789587621594 |
| 041 ## - Idioma | |
| Código de idioma | Español |
| 082 ## - Clasificación Decimal Dewey | |
| Número de clasificación | 658.8 R621c |
| 100 ## - Entrada principal--Autor personal | |
| Nombre personal | Riveros Tovar, Paula |
| 9 (RLIN) | 1003 |
| 245 ## - Título propiamente dicho | |
| Título | Coolhunting y tendencias, a la cacería de ideas geniales para innovación |
| 260 ## - Pie de imprenta | |
| Lugar de publicación, distribución, etc. | Colombia |
| 260 ## - Pie de imprenta | |
| Nombre del editor, distribuidor, etc. | Ediciones de la U |
| 260 ## - Pie de imprenta | |
| Fecha de publicación, distribución, etc. | 2013 |
| 300 ## - Descripción física | |
| Extensión | 152 páginas |
| 650 ## - Materia general | |
| Temática (materia general) | MERCADOTECNIA |
| 650 ## - Materia general | |
| Temática (materia general) | COOLHUNTING |
| 650 ## - Materia general | |
| Temática (materia general) | INNOVACIÓN |
| 650 ## - Materia general | |
| Temática (materia general) | OPINIONES |
| 650 ## - Materia general | |
| Temática (materia general) | ENTREVISTAS |
| 650 ## - Materia general | |
| Temática (materia general) | MEDIOS SOCIALES |
| 650 ## - Materia general | |
| Temática (materia general) | REDES SOCIALES |
| 650 ## - Materia general | |
| Temática (materia general) | MARCA |
| 650 ## - Materia general | |
| Temática (materia general) | PRODUCTOS |
| 650 ## - Materia general | |
| Temática (materia general) | SERVICIOS |
| 942 ## - Punto de acceso adicional KOHA | |
| Tipo de ítem KOHA | Libro |
| Fuente del sistema de clasificación o colocación | Dewey Decimal Classification |
| Signatura completa | Código de barras | Programa Académico | Tipo de ítem |
|---|---|---|---|
| 658.8 R621c | 19678 | Libro |